| 000 | 01106nmm a2200361 a 4500 | ||
|---|---|---|---|
| 003 | AR-BaBNM | ||
| 005 | 20251128211408.0 | ||
| 008 | 154020s1999 ||||||||||||||000 | spa|| | ||
| 020 | _a987-9216-70-9 | ||
| 040 | _cAR-BaBNM | ||
| 100 | 1 | _aSánchez, Florencio | |
| 245 | 1 | 0 | _aLa Gringa de Florencio Sánchez y otros textos sobre la inmigración |
| 260 |
_aBuenos Aires _bAmeghino _c1999 |
||
| 300 | _a126 p. | ||
| 505 | 0 |
_tNegros y gringos de antes _rWilde, José Antonio |
|
| 505 | 0 |
_tLa pampa gringa _rGori, Gastón |
|
| 505 | 0 |
_tColonia Mauricio _rMordejai, Alperson |
|
| 505 | 0 |
_tUn hijo del conventillo _rCambaceres, Eugenio |
|
| 505 | 0 |
_tPsicología del inmigrante _rRamos Mejía, José María |
|
| 505 | 0 |
_tEl castigo _rPalazzo, Juan |
|
| 505 | 0 |
_tLa invasión gringa _rPedroni, José |
|
| 650 | 4 | _aTEATRO | |
| 650 | 4 | _aINMIGRACION ARGENTINA | |
| 650 | 4 | _aLITERATURA CONTEMPORANEA | |
| 650 | 4 | _aREALISMO | |
| 650 | 4 | _aANTOLOGIAS | |
| 653 | _aLITERATURA URUGUAYA | ||
| 653 | _aCOSTUMBRISMO | ||
| 653 | _aNATURALISMO | ||
| 655 | _aLITERATURA | ||
| 942 | _cBK | ||
| 998 | _calex | ||
| 999 |
_c19504 _d19504 |
||